000 00342pab a2200145 454500
008 180718b1986 xxu||||| |||| 00| 0 eng d
100 _aHegde, Rama Krishna
245 _aDecentralising power
260 _c1986
300 _a32-8
362 _aApr.
650 _aAdministrative Decentralisation - India
773 _aSeminar
909 _a3171
999 _c3171
_d3171